| 000 | 01152 a2200205 4500 | ||
|---|---|---|---|
| 003 | Nust | ||
| 005 | 20221102123244.0 | ||
| 010 | _a 83022234 | ||
| 020 | _a0070354448 : | ||
| 040 | _cNust | ||
| 082 | 0 | 0 | _a510,KRA |
| 100 | 1 |
_aKramer, Arthur D., _9102244 |
|
| 245 | 1 | 0 |
_aFundamentals of technical mathematics with calculus / _cArthur D. Kramer. |
| 260 |
_aNew York : _bGregg Division, McGraw-Hill, _cc1984. |
||
| 300 |
_aviii, 936 p. : _bill. ; _c24 cm. |
||
| 505 | _aArithmetic and the Hand-Held Calculator (Page-1), Fundamentals of Algebra (Page-34), Measurements Basic Geometry and Trigonometry (Page-87), Linear Systems and Determinants (Page-149), Ratio Proportion and Variations (Page-185), Factoring Fractions and the Quadratic Equation (Page-204), Exponents and Radicals (Page-245), Trigonometry (Page-268), Trigonometric Graphs (Page-316), Exponential and Logarithmic Functions (Page-351), Complex Numbers (Page-384), Transcendental Function (Page-747), Infinite Series (Page-813), Introduction to Differential Equations (Page-833). | ||
| 650 | 0 | _aMathematics. | |
| 700 | 1 |
_aKramer, Arthur D., _d1940- _9102245 |
|
| 942 |
_2ddc _cBK _k510,KRA |
||
| 999 |
_c180079 _d180079 |
||